Alija İzetbegović (Record no. 5209)

MARC details
000 -BAŞLIK
Sabit Uzunlukta Kontrol Alanı 00987na a2200289 4500
001 - KONTROL NUMARASI
Denetim Alanı 15029
003 - KONTROL NUMARASI IDENTIFIER
Denetim Alanı MIRAKIL
005 - SON İŞLEM TARİHİ VE ZAMANI
Denetim Alanı 20181213155030.0
008 - SABİT-BOY VERİ ELEMANLARI - GENEL BİLGİLER
Sabit Uzunlukta Kontrol Alanı 160903b tu 000 0
020 ## - ULUSLARARASI STANDART KİTAP NUMARASI
Uluslararası Standart Kitap Numarası 9789958590528
035 ## - SİSTEM KONTROL NUMARASI
Sistem Kontrol Numarası 15029
040 ## - KATALOGLAMA KAYNAK
Orijinal Kataloglama Ajansı Milas
Kataloglama Dili tur
Metne Dönüştürmek Ajansı TR-AnCHP
041 ## - DİL KODU
Metin / Ses Parça Veya Ayrı Başlığın Dil Kodu scr
082 ## - DEWEY ONLU SINIFLANDIRMA NUMARASI
Sınıflandırma Numarası 923.1 İzzetbegoviç,A.
Ürün Numarası A45 2007
090 ## - SINIFLAMA NUMARASI
Sınıflama Numarası 923.1 İzzetbegoviç,A. A45 2007
245 ## - BAŞLIK TABLOSU
Başlık Alija İzetbegović
Başlığın Kalan prvı predsjednik nezavisne Bosne i Hercegovine
Sorumluluk Tablosu, Vb izbor citata Nihad Kresevljakovic, Ajet Arifi
260 ## - YAYIN, DAĞITIM, VB
Yayın, Dağıtım, Vb Yeri Sarajevo
Yayıncı, Dağıtıcı, Vs Adı Connectum
Yayın, Dağıtım, Vb Tarihi 2007
300 ## - FİZİKSEL TANIM
Kapsam 189 s.
Diğer Fiziksel Ayrıntıları fotg.
Boyutlar 31 sm.
500 ## - GENEL NOT
Genel Not Hazırlayanlar : Nihad Kresevljakovic, Ajet Arifi
500 ## - GENEL NOT
Genel Not Yapıtın özgün dili Boşnakça'dır.
600 ## - KONU KATMA GİRİŞ - KURUMSAL ADI
Kişisel Ad İzetbegović, Alija
Bir Adıyla İlişkilendirilen Tarihler 1925-2003
Genel Alt Bölümü Yaşamöyküsü
650 ## - KONU KATMA GİRİŞ - TOPİKAL DÖNEM
Topikal Süreli Veya Coğrafi Ad Giriş Elemanı Cumhurbaşkanları
Coğrafi Alt Bölümü Bosna-Hersek
650 ## - KONU KATMA GİRİŞ - TOPİKAL DÖNEM
Topikal Süreli Veya Coğrafi Ad Giriş Elemanı Devlet adamları
Genel Alt Bölümü Yaşamöyküsü
Coğrafi Alt Bölümü Bosna-Hersek
700 ## - KATMA GİRİŞ - KİŞİSEL İSİM
Kişisel Ad Arifi, Ajet
700 ## - KATMA GİRİŞ - KİŞİSEL İSİM
Kişisel Ad Kresevljakovic, Nihad
942 ## - EKLENDİ GİRİŞ ELEMANLARI (KOHA)
Sınıflandırma Veya Raf Düzeni Kaynak
Koha Öğesi Türü Books
999 ## - SİSTEM KONTROL NUMARALARI (KOHA)
Koha Biblionumber 5209
Koha Biblioitemnumber 5209
Holdings
Kalıcı Konum Mevcut Konum Edinme Tarihi Edinim Kaynak Toplam Check-Out'Lar Tam Çağrı Numarası Barkod Tarih Son Görülme İtibaren Geçerli Fiyatlar Koha Öğesi Türü
CHP Kütüphanesi CHP Kütüphanesi 09/03/2016 Bağış   923.1 İzzetbegoviç,A. A45 2007 002776 09/03/2016 09/03/2016 Books